Quel est son art? - Click Quiz - Statistiques

Statistiques générales
  • Ce quiz a été pris 1 370 fois
  • Le résultat moyen est 12 sur 22
Statistiques - réponses
Hint Réponse % Correct
Claude Monet Peinture
91%
Frida Kahlo Peinture
85%
Auguste Rodin Sculpture
82%
Johannes Vermeer Peinture
81%
Joséphine Baker Danse
79%
Gustav Klimt Peinture
79%
Vassily Kandinsky Peinture
66%
Fred Astaire Danse
59%
Robert Doisneau Photographie
55%
Maurice Béjart Danse
54%
Isadora Duncan Danse
47%
Robert Capa Photographie
46%
Oscar Niemeyer Architecture
43%
Henri Cartier-Bresson Photographie
43%
Frank Gehry Architecture
40%
Alberto Giacometti Sculpture
40%
Pierre de Meuron Architecture
36%
Zaha Hadid Architecture
32%
Constantin Brâncuși Sculpture
31%
Sabine Weiss Photographie
27%
Louise Bourgeois Sculpture
27%
Donatello Sculpture
25%
Aucun quiz correspondant
Distribution des résultats
% des personnes avec chaque résultat
Percentile par nombre de réponses
Votre historique - résultats
Vous n’avez pas pris ce quiz